Intraspecific variation in soluble protein and isozyme patterns in Rigidoporus Lignosus, the causative agent of white root disease on Hevea brasiliensis (Record no. 47079)

MARC details
000 -LEADER
fixed length control field 01719nam a2200265Ia 4500
100 ## - MAIN ENTRY--AUTHOR NAME
Personal name Fofana Aida
245 #0 - TITLE STATEMENT
Title Intraspecific variation in soluble protein and isozyme patterns in Rigidoporus Lignosus, the causative agent of white root disease on Hevea brasiliensis
260 ## - PUBLICATION, DISTRIBUTION, ETC. (IMPRINT)
Name of publisher Indian Journal of Natural Rubber Research
Year of publication 1992
300 ## - PHYSICAL DESCRIPTION
Number of Pages 141-150
520 ## - SUMMARY, ETC.
Summary, etc Rigidoporus lignosus, widespread in equatorial and humid tropical zones, is the most dangerous root parasite on rubber tree. Twenty isolates collected from a wide range of geographical origins were studied to evaluate intraspecific variability of this fungus using native polyacrylamide gel electrophoresis technique. Soluble protein banding patterns obtained by isoelectric focusing and isozyme profiles showed a high level of intraspecific polymorphism in R. lignosus. Factor analysis of soluble protein banding patterns unequivocally separated several groups of isolates according to their geographical origins. Enzyme profile comparisons also conformed to biogeographical patterns, with greatest isozyme polymorphisms in the Far-East than in Africa. However, geographical distances by themselves were not sufficient to explain all the intraspecific variability.
650 ## - SUBJECT ADDED ENTRY--TOPICAL TERM
Topical Term Hevea brasiliensis
650 ## - SUBJECT ADDED ENTRY--TOPICAL TERM
Topical Term Hevea brasiliensis
650 ## - SUBJECT ADDED ENTRY--TOPICAL TERM
Topical Term Isoelectric focusing
650 ## - SUBJECT ADDED ENTRY--TOPICAL TERM
Topical Term Isoelectric focusing
650 ## - SUBJECT ADDED ENTRY--TOPICAL TERM
Topical Term Rigidoporus lignosus
650 ## - SUBJECT ADDED ENTRY--TOPICAL TERM
Topical Term Rigidoporus lignosus
650 ## - SUBJECT ADDED ENTRY--TOPICAL TERM
Topical Term White root disease
650 ## - SUBJECT ADDED ENTRY--TOPICAL TERM
Topical Term White root disease
700 ## - ADDED ENTRY--PERSONAL NAME
Personal name Balesdent Marie-Helene
700 ## - ADDED ENTRY--PERSONAL NAME
Personal name Despreaux Denis
700 ## - ADDED ENTRY--PERSONAL NAME
Personal name Louanchi Meriem
700 ## - ADDED ENTRY--PERSONAL NAME
Personal name Robin Philippe
942 ## - ADDED ENTRY ELEMENTS (KOHA)
Koha item type Articles
Holdings
Withdrawn status Lost status Damaged status Not for loan Home library Current library Shelving location Date acquired Serial Enumeration / chronology Koha item type
      Articles RRII Library RRII Library Pathology 20/12/2021 Volume 5, Issue 1&2 Articles